|
|
|
|
| LEADER |
02825nam a2200505 4500 |
| 001 |
978-981-10-7497-4 |
| 003 |
DE-He213 |
| 005 |
20191023222513.0 |
| 007 |
cr nn 008mamaa |
| 008 |
180517s2018 si | s |||| 0|eng d |
| 020 |
|
|
|a 9789811074974
|9 978-981-10-7497-4
|
| 024 |
7 |
|
|a 10.1007/978-981-10-7497-4
|2 doi
|
| 040 |
|
|
|d GrThAP
|
| 050 |
|
4 |
|a HD30.23
|
| 072 |
|
7 |
|a KJT
|2 bicssc
|
| 072 |
|
7 |
|a BUS049000
|2 bisacsh
|
| 072 |
|
7 |
|a KJT
|2 thema
|
| 072 |
|
7 |
|a KJMD
|2 thema
|
| 082 |
0 |
4 |
|a 658.40301
|2 23
|
| 100 |
1 |
|
|a Li, Xuewei.
|e author.
|4 aut
|4 http://id.loc.gov/vocabulary/relators/aut
|
| 245 |
1 |
0 |
|a Theory of Practical Cellular Automaton
|h [electronic resource] /
|c by Xuewei Li, Jinpei Wu, Xueyan Li.
|
| 250 |
|
|
|a 1st ed. 2018.
|
| 264 |
|
1 |
|a Singapore :
|b Springer Singapore :
|b Imprint: Springer,
|c 2018.
|
| 300 |
|
|
|a XIII, 352 p.
|b online resource.
|
| 336 |
|
|
|a text
|b txt
|2 rdacontent
|
| 337 |
|
|
|a computer
|b c
|2 rdamedia
|
| 338 |
|
|
|a online resource
|b cr
|2 rdacarrier
|
| 347 |
|
|
|a text file
|b PDF
|2 rda
|
| 505 |
0 |
|
|a Chapter 1 Ideological Foundation of the Cellular Automaton -- Chapter 2 Principle of the Cellular Automaton -- Chapter 3 Modeling Method of the Cellular Automaton -- Chapter 4 Complexity of the Cellular Automaton -- Chapter 5 Cellular Genetic Algorithm -- Chapter 6 Cellular Neural Network -- Chapter 7 Agent- Cellular Automaton -- Chapter 8 Application Fields of the Cellular Automaton -- Chapter 9 Concluding Remarks---Future Prospect.
|
| 520 |
|
|
|a This book addresses the intellectual foundations, function, modeling approaches and complexity of cellular automata; explores cellular automata in combination with genetic algorithms, neural networks and agents; and discusses the applications of cellular automata in economics, traffic and the spread of disease. Pursuing a blended approach between knowledge and philosophy, it assigns equal value to methods and applications. .
|
| 650 |
|
0 |
|a Operations research.
|
| 650 |
|
0 |
|a Decision making.
|
| 650 |
|
0 |
|a Management science.
|
| 650 |
1 |
4 |
|a Operations Research/Decision Theory.
|0 http://scigraph.springernature.com/things/product-market-codes/521000
|
| 650 |
2 |
4 |
|a Operations Research, Management Science.
|0 http://scigraph.springernature.com/things/product-market-codes/M26024
|
| 700 |
1 |
|
|a Wu, Jinpei.
|e author.
|4 aut
|4 http://id.loc.gov/vocabulary/relators/aut
|
| 700 |
1 |
|
|a Li, Xueyan.
|e author.
|4 aut
|4 http://id.loc.gov/vocabulary/relators/aut
|
| 710 |
2 |
|
|a SpringerLink (Online service)
|
| 773 |
0 |
|
|t Springer eBooks
|
| 776 |
0 |
8 |
|i Printed edition:
|z 9789811074967
|
| 776 |
0 |
8 |
|i Printed edition:
|z 9789811074981
|
| 776 |
0 |
8 |
|i Printed edition:
|z 9789811339578
|
| 856 |
4 |
0 |
|u https://doi.org/10.1007/978-981-10-7497-4
|z Full Text via HEAL-Link
|
| 912 |
|
|
|a ZDB-2-BUM
|
| 950 |
|
|
|a Business and Management (Springer-41169)
|